[Event "7th Sharjah Masters 2024"]
[Site "Sharjah UAE"]
[Date "2024.05.21"]
[Round "8.12"]
[White "Maurizzi, Marc'Andria"]
[Black "Sindarov, Javokhir"]
[Result "1/2-1/2"]
[WhiteTitle "GM"]
[BlackTitle "GM"]
[WhiteElo "2618"]
[BlackElo "2684"]
[WhiteFideId "36083534"]
[BlackFideId "14205483"]
[EventDate "2024.05.14"]

1. d4 Nf6 2. c4 e6 3. Nf3 d5 4. Nc3 c6 5. e3 Nbd7 6. Be2 dxc4 7. a4 Bd6 8. Nd2
e5 9. Nxc4 Bc7 10. b3 O-O 11. Ba3 Re8 12. O-O e4 13. d5 Nxd5 14. Nxd5 cxd5 15.
Qxd5 Nf6 16. Qxd8 Rxd8 17. Rfc1 Be6 18. Bc5 Ng4 19. h3 Ne5 20. Bd4 Nc6 21. Bc3
a5 22. Rd1 f6 23. h4 Kf7 24. h5 Ne5 25. Nxe5+ Bxe5 26. Bxe5 fxe5 27. Bc4 Rxd1+
28. Rxd1 Bxc4 29. bxc4 Rc8 30. Rd5 Rxc4 31. Rxa5 Kf6 32. Kh2 g6 33. h6 Kg5 34.
Rxe5+ Kxh6 35. a5 Ra4 36. Kg3 Ra1 37. Rb5 Ra2 38. Re5 Ra1 39. Rc5 Ra3 40. Rb5
Ra2 41. Rxb7 Rxa5 42. Re7 Ra4 43. Kh4 Ra2 44. Kg3 Ra4 45. Kh4 Ra2 46. g4 g5+ 47.
Kg3 Ra4 48. Re6+ Kg7 49. Re5 Kg6 50. Re6+ Kg7 51. Re5 Kg6 1/2-1/2

[Event "7th Sharjah Masters 2024"]
[Site "Sharjah UAE"]
[Date "2024.05.21"]
[Round "8.13"]
[White "Gurel, Ediz"]
[Black "Martirosyan, Haik M."]
[Result "1-0"]
[WhiteTitle "GM"]
[BlackTitle "GM"]
[WhiteElo "2578"]
[BlackElo "2679"]
[WhiteFideId "44507356"]
[BlackFideId "13306553"]
[EventDate "2024.05.14"]

1. e4 e6 2. d4 d5 3. Nd2 c5 4. Ngf3 cxd4 5. Nxd4 Nc6 6. Bb5 Bd7 7. Nxc6 bxc6 8.
Bd3 Bd6 9. Qe2 Qc7 10. Nf3 dxe4 11. Qxe4 Nf6 12. Qh4 c5 13. Bh6 Rg8 14. Bxg7 Nd5
15. Bh6 Be7 16. Qe4 Rb8 17. Ne5 Rb4 18. c4 Nf6 19. Qe2 Rxg2 20. a3 Rb8 21. O-O-O
Bd6 22. Nxd7 Nxd7 23. Be4 Rxh2 24. Rxh2 Bxh2 25. Kb1 Be5 26. Bc1 Nf6 27. Bc2 Bf4
28. Ka2 Ke7 29. Bxf4 Qxf4 30. Qd3 h5 31. b4 cxb4 32. axb4 Ng4 33. b5 Qxf2 34.
Qd6+ Kf6 35. Rd2 Qb6 36. Qa3 Rc8 37. Rd7 Rxc4 38. Qe7+ Ke5 39. Bb3 Rf4 40. Rd5+
Ke4 41. Qb4+ Kf3 42. Bd1+ Kg3 43. Rd3+ Ne3 44. Qc3 Re4 45. Qe1+ Kf4 46. Qh4+ Ng4
47. Rf3+ Ke5 48. Qg3+ Kd5 49. Bb3+ Kc5 50. Rc3+ Kb4 51. Rc2 Ne3 52. Qe1+ Kxb5
53. Qe2+ Ka5 54. Qd2+ Rb4 55. Rc3 Ng4 56. Bc4 Qf2 57. Be2 Qd4 58. Rd3 Qc4+ 59.
Ka3 Ne5 60. Re3 Kb6 61. Qd6+ Kb7 62. Qe7+ Qc7 63. Qxb4+ 1-0

[Event "7th Sharjah Masters 2024"]
[Site "Sharjah UAE"]
[Date "2024.05.21"]
[Round "8.14"]
[White "Ter-Sahakyan, Samvel"]
[Black "Pranav, V"]
[Result "1/2-1/2"]
[WhiteTitle "GM"]
[BlackTitle "GM"]
[WhiteElo "2652"]
[BlackElo "2587"]
[WhiteFideId "13302531"]
[BlackFideId "25060783"]
[EventDate "2024.05.14"]

1. d4 Nf6 2. c4 e6 3. Nc3 Bb4 4. e3 O-O 5. Ne2 Re8 6. a3 Bf8 7. Ng3 d5 8. Be2 b6
9. O-O Bb7 10. b4 dxc4 11. Bxc4 Nbd7 12. Rb1 Qc8 13. Qb3 c5 14. bxc5 bxc5 15.
Bxe6 fxe6 16. Qxb7 cxd4 17. Qxc8 Raxc8 18. Nce4 dxe3 19. Bxe3 Bxa3 20. Bxa7 Rc4
21. f3 Nxe4 22. Nxe4 Nf6 23. Rb3 Be7 24. Nxf6+ Bxf6 25. Be3 Ra8 26. Rd3 Rc2 27.
Rd2 Rxd2 28. Bxd2 Bd4+ 29. Kh1 Ra2 30. Bf4 Kf7 31. h3 Ra1 32. Rxa1 Bxa1 33. g4
g6 34. Kg2 h5 35. Kf1 Kf6 36. Kg2 Kf7 37. Kf1 Kf6 38. Kg2 Kf7 39. Kf1 Kf6 1/2-1/2

[Event "7th Sharjah Masters 2024"]
[Site "Sharjah UAE"]
[Date "2024.05.21"]
[Round "8.16"]
[White "Sanal, Vahap"]
[Black "Fedoseev, Vladimir3"]
[Result "1/2-1/2"]
[WhiteTitle "GM"]
[BlackTitle "GM"]
[WhiteElo "2566"]
[BlackElo "2702"]
[WhiteFideId "6300545"]
[BlackFideId "24130737"]
[EventDate "2024.05.14"]

1. e4 d5 2. exd5 Qxd5 3. Nc3 Qa5 4. d4 Nf6 5. Nf3 Bf5 6. Bc4 e6 7. Bd2 Bb4 8. a3
Bxc3 9. Bxc3 Qb6 10. O-O Nc6 11. b4 Bg4 12. Bb2 O-O-O 13. c3 e5 14. h3 Bh5 15.
Qc2 Bxf3 16. Qf5+ Rd7 17. Qxf3 exd4 18. Qg3 Rhd8 19. cxd4 Nxd4 20. Rad1 Nf5 21.
Qb3 Nd6 22. Bd3 Nfe4 23. Qc2 f5 24. Be5 g6 25. Bf4 Nb5 26. Bxe4 Nd4 27. Qc4 fxe4
28. Bg5 Nf3+ 29. gxf3 Rxd1 30. Bxd8 Rxd8 31. fxe4 Qf6 32. Qe2 Qd4 33. e5 Rd5 34.
Re1 Qf4 35. Kg2 h5 36. Qf3 Qxf3+ 37. Kxf3 Kd7 38. Ke4 Ke6 39. f4 Rd2 40. Rg1 Kf7
41. Rc1 c6 42. b5 Re2+ 43. Kf3 Ra2 44. bxc6 Rxa3+ 45. Ke4 bxc6 46. Rxc6 Rxh3 47.
Rc7+ Ke6 48. Rc6+ Kf7 49. Rf6+ Kg7 50. Ra6 Kf7 51. Rxa7+ Ke6 52. Ra6+ Kf7 53.
Rf6+ Kg7 54. Rb6 Kf7 55. Rf6+ Kg7 56. Rd6 Kf7 57. Rf6+ 1/2-1/2

[Event "7th Sharjah Masters 2024"]
[Site "Sharjah UAE"]
[Date "2024.05.21"]
[Round "8.17"]
[White "Sevian, Samuel"]
[Black "Safarli, Eltaj"]
[Result "1-0"]
[WhiteTitle "GM"]
[BlackTitle "GM"]
[WhiteElo "2699"]
[BlackElo "2597"]
[WhiteFideId "2040506"]
[BlackFideId "13402129"]
[EventDate "2024.05.14"]

1. e4 e5 2. Nf3 Nf6 3. Nxe5 d6 4. Nf3 Nxe4 5. Nc3 Nxc3 6. dxc3 Be7 7. Be3 O-O 8.
Qd2 Nd7 9. O-O-O Nf6 10. h4 c6 11. Bd3 d5 12. Kb1 Re8 13. Ng5 h6 14. f3 c5 15.
g4 c4 16. Bf1 b5 17. Nh3 b4 18. g5 Nh5 19. gxh6 Bf5 20. Ng5 gxh6 21. Ne4 Bg6 22.
Qxd5 Qxd5 23. Rxd5 Nf6 24. Bxc4 bxc3 25. Nxf6+ Bxf6 26. Bxh6 Rac8 27. Bb3 Re5
28. Rd6 Rf5 29. h5 Bxh5 30. Rxf6 Rxf6 31. Rxh5 Rxf3 32. bxc3 Rcxc3 33. Kb2 Rh3
34. Rg5+ Kh7 35. Bf8 Rcg3 36. Ra5 Kg6 37. Bd6 Rf3 38. Rxa7 f5 39. a4 f4 40. a5
Rf1 41. Bc4 Rf2 42. a6 f3 43. Rb7 1-0

[Event "7th Sharjah Masters 2024"]
[Site "Sharjah UAE"]
[Date "2024.05.21"]
[Round "8.18"]
[White "Deac, Bogdan-Daniel"]
[Black "Horvath, Dominik"]
[Result "1-0"]
[WhiteTitle "GM"]
[BlackTitle "IM"]
[WhiteElo "2693"]
[BlackElo "2554"]
[WhiteFideId "1226380"]
[BlackFideId "1642561"]
[EventDate "2024.05.14"]

1. Nf3 Nf6 2. c4 c5 3. Nc3 Nc6 4. d4 cxd4 5. Nxd4 e6 6. Bf4 d5 7. a3 Bc5 8. Nxc6
bxc6 9. e3 O-O 10. Be2 Bd6 11. Bxd6 Qxd6 12. O-O a5 13. Qa4 Ba6 14. Rfd1 Nd7 15.
Qc2 Nb6 16. cxd5 Bxe2 17. Qxe2 cxd5 18. Nb5 Qd7 19. a4 Rfc8 20. b3 Qe7 21. Qd2
Nd7 22. Rac1 Nc5 23. Rc3 Qd8 24. f3 Na6 25. Rdc1 Nb4 26. Nc7 Rab8 27. f4 h6 28.
h3 Qd7 29. Rc5 Qd8 30. Kh1 Qd7 31. e4 d4 32. f5 exf5 33. exf5 Rb6 34. R5c4 d3
35. f6 Rxf6 36. Nd5 Qxd5 37. Rxc8+ Kh7 38. R8c5 Qd4 39. R5c4 Qd6 40. Rd1 Qg3 41.
Rg4 Qe5 42. Rxb4 axb4 43. Qxd3+ g6 44. Qc4 Rf4 45. Qd3 Kg7 46. Rf1 Rd4 47. Qf3
Rd7 48. Qf4 Qc3 49. Rf3 Qc5 50. Qf6+ Kg8 51. Kh2 Qc7+ 52. Qf4 Rd6 53. Rd3 Rd7
54. Qxc7 Rxc7 55. Rd8+ Kg7 56. Rb8 1-0

[Event "7th Sharjah Masters 2024"]
[Site "Sharjah UAE"]
[Date "2024.05.21"]
[Round "8.20"]
[White "Erdogmus, Yagiz Kaan"]
[Black "Sadhwani, Raunak"]
[Result "1/2-1/2"]
[WhiteTitle "IM"]
[BlackTitle "GM"]
[WhiteElo "2554"]
[BlackElo "2654"]
[WhiteFideId "44599790"]
[BlackFideId "35093487"]
[EventDate "2024.05.14"]

1. c4 e6 2. Nc3 d5 3. d4 Nf6 4. cxd5 exd5 5. Bg5 c6 6. e3 h6 7. Bh4 Be7 8. Bd3
O-O 9. Nf3 Ne4 10. Bxe7 Qxe7 11. Qc2 Re8 12. O-O Nd7 13. Rae1 a5 14. Nd2 Nxd2
15. Qxd2 Nb6 16. Ne2 h5 17. Nf4 Qg5 18. f3 Bf5 19. e4 Bh7 20. Re2 dxe4 21. fxe4
Rad8 22. d5 Nd7 23. Qxa5 Nf6 24. Qb4 cxd5 25. e5 Bxd3 26. Nxd3 Rd7 1/2-1/2

[Event "7th Sharjah Masters 2024"]
[Site "Sharjah UAE"]
[Date "2024.05.21"]
[Round "8.22"]
[White "Madaminov, Mukhiddin"]
[Black "Banusz, Tamas"]
[Result "1-0"]
[WhiteTitle "IM"]
[BlackTitle "GM"]
[WhiteElo "2506"]
[BlackElo "2623"]
[WhiteFideId "14210703"]
[BlackFideId "722413"]
[EventDate "2024.05.14"]

1. e4 e5 2. Nf3 Nc6 3. Bb5 a6 4. Ba4 Nf6 5. O-O Nxe4 6. d4 Be7 7. Re1 b5 8. Rxe4
d5 9. Nxe5 Nxe5 10. Rxe5 bxa4 11. Qe2 Be6 12. f4 Kf8 13. Nc3 Bf6 14. Nxa4 Bxe5
15. fxe5 Qh4 16. Be3 Qg4 17. Qd2 h5 18. Nc3 Rb8 19. b3 h4 20. h3 Qg6 21. Ne2 Qe4
22. Nf4 Bf5 23. Nd3 Kg8 24. Re1 Be6 25. Qc3 Qg6 26. Nf4 Qf5 27. Rf1 Qe4 28. Nxe6
fxe6 29. Rf4 Qg6 30. Qxc7 Rf8 31. Rg4 Qf7 32. Qc6 a5 33. Bg5 Rh7 34. c4 Qe8 35.
Qd6 dxc4 36. bxc4 Kh8 37. d5 exd5 38. cxd5 Rh5 39. e6 Kh7 40. e7 Rg8 41. Qe6 Qb5
42. a4 Qb8 43. Bf4 1-0

[Event "7th Sharjah Masters 2024"]
[Site "Sharjah UAE"]
[Date "2024.05.21"]
[Round "8.23"]
[White "Yuffa, Daniil"]
[Black "Sivuk, Vitaly"]
[Result "1/2-1/2"]
[WhiteTitle "GM"]
[BlackTitle "GM"]
[WhiteElo "2617"]
[BlackElo "2544"]
[WhiteFideId "24131423"]
[BlackFideId "14116502"]
[EventDate "2024.05.14"]

1. e4 e5 2. Nf3 Nc6 3. Bb5 a6 4. Ba4 Nf6 5. O-O Be7 6. d3 b5 7. Bb3 d6 8. Bd2
Bg4 9. c3 Na5 10. Bc2 c5 11. Bc1 O-O 12. Nbd2 Qc7 13. h3 Bd7 14. Re1 Nc6 15. Nf1
d5 16. Ne3 d4 17. Nd5 Qd6 18. Bg5 Bd8 19. Bb3 Rb8 20. Rc1 h6 21. Bh4 dxc3 22.
bxc3 Nh5 23. d4 c4 24. Nxe5 Nxe5 25. Qxh5 Bxh4 26. dxe5 Bxf2+ 27. Kxf2 Qc5+ 28.
Re3 cxb3 29. Nf6+ gxf6 30. Qxh6 fxe5 31. Qg5+ Kh7 32. Qh5+ Kg7 33. Qg5+ Kh7 34.
Qh5+ 1/2-1/2

[Event "7th Sharjah Masters 2024"]
[Site "Sharjah UAE"]
[Date "2024.05.21"]
[Round "8.24"]
[White "Petrosyan, Manuel"]
[Black "Pranav, Anand"]
[Result "1-0"]
[WhiteTitle "GM"]
[BlackTitle "GM"]
[WhiteElo "2618"]
[BlackElo "2532"]
[WhiteFideId "13300857"]
[BlackFideId "46626786"]
[EventDate "2024.05.14"]

1. Nf3 Nf6 2. g3 d5 3. Bg2 e6 4. O-O Be7 5. c4 O-O 6. d4 dxc4 7. Qc2 a6 8. a4
Bd7 9. Qxc4 Bc6 10. Bg5 Nbd7 11. Nc3 h6 12. Bxf6 Nxf6 13. Rfd1 Qd6 14. Qb3 Rfd8
15. e3 Rac8 16. a5 Qb4 17. Qc2 Bf8 18. Ne5 Bxg2 19. Kxg2 Nd7 20. Nd3 Qc4 21. Qa4
Qxa4 22. Nxa4 h5 23. b4 c6 24. Nac5 Rc7 25. f4 Re8 26. Kf3 f6 27. Ne4 Be7 28. h3
Kf7 29. g4 Rh8 30. Rh1 Rcc8 31. Ndc5 Nxc5 32. bxc5 Rcd8 33. Rhb1 Rd7 34. Rb3
hxg4+ 35. hxg4 Ra8 36. Rab1 Ra7 37. R3b2 Kg6 38. Nd2 Kf7 39. Nc4 Kg8 40. Ke4 Kf7
41. g5 Rc7 42. gxf6 gxf6 43. Nb6 Bf8 44. Rh1 Bg7 45. f5 e5 46. dxe5 fxe5 47. Rd2
Ke8 48. Rh7 Kf7 49. Rd8 Kf6 50. Rd6+ 1-0

[Event "7th Sharjah Masters 2024"]
[Site "Sharjah UAE"]
[Date "2024.05.21"]
[Round "8.25"]
[White "Gholami Orimi, Mahdi"]
[Black "Theodorou, Nikolas"]
[Result "1-0"]
[WhiteTitle "IM"]
[BlackTitle "GM"]
[WhiteElo "2470"]
[BlackElo "2617"]
[WhiteFideId "12558486"]
[BlackFideId "4262875"]
[EventDate "2024.05.14"]

1. d4 Nf6 2. c4 e6 3. g3 d5 4. Bg2 Be7 5. Nf3 O-O 6. O-O a5 7. Qc2 Nc6 8. Bf4
Nb4 9. Qc1 dxc4 10. Na3 b6 11. Ne5 Nfd5 12. Naxc4 f6 13. Nf3 c5 14. a3 Nc6 15.
dxc5 Bxc5 16. Rd1 Qe7 17. Bd2 b5 18. Ne3 Bb7 19. Nxd5 exd5 20. Qc3 Ne5 21. Be3
Nxf3+ 22. Bxf3 Bxe3 23. Qxe3 Qxe3 24. fxe3 Rac8 25. Kf2 Rfd8 26. Rac1 Kf8 27.
Rxc8 Bxc8 28. Bxd5 Ke7 29. Rd4 Bd7 30. Be4 h6 31. Ke1 Rb8 32. Kd2 b4 33. axb4
axb4 34. Bd5 g5 35. e4 Be8 36. Bb3 Bd7 37. Ke3 Rb6 38. Rd1 Ra6 39. Rc1 Ra7 40.
Kd4 Kd6 41. Rf1 Ke7 42. e5 fxe5+ 43. Kxe5 Be8 44. e4 Ra5+ 45. Bd5 Rc5 46. Rf2
Rc1 47. b3 h5 48. Ra2 Rc7 49. Ra6 Rc2 50. Ra7+ Kf8 51. Kd6 Rxh2 52. Ra8 h4 53.
gxh4 Rxh4 54. e5 Rh7 55. e6 g4 56. Ra1 Rh5 57. Be4 g3 58. Ra8 Rh8 59. Bc6 Kg7
60. Bxe8 g2 61. Ra7+ Kf8 62. Ra1 Rh1 63. Bc6 Rxa1 64. e7+ Kg7 65. Bxg2 Re1 66.
Bc6 Kf7 67. e8=Q+ Rxe8 68. Bxe8+ Kxe8 69. Kc5 Kd7 70. Kxb4 Kc6 71. Ka5 Kb7 72.
Kb5 Kc7 73. Ka6 Kc6 74. b4 Kc7 75. b5 Kb8 76. Kb6 1-0

[Event "7th Sharjah Masters 2024"]
[Site "Sharjah UAE"]
[Date "2024.05.21"]
[Round "8.26"]
[White "Idani, Pouya"]
[Black "Royal, Shreyas"]
[Result "1-0"]
[WhiteTitle "GM"]
[BlackTitle "IM"]
[WhiteElo "2605"]
[BlackElo "2464"]
[WhiteFideId "12510130"]
[BlackFideId "448869"]
[EventDate "2024.05.14"]

1. e4 e5 2. Nf3 Nc6 3. Bb5 a6 4. Ba4 Nf6 5. O-O b5 6. Bb3 Bc5 7. d3 d6 8. c3 h6
9. Be3 O-O 10. Nbd2 Re8 11. Bxc5 dxc5 12. Qe2 Qd6 13. Rfd1 Be6 14. Bxe6 Rxe6 15.
a4 Ree8 16. Nf1 g6 17. Ne3 Qe6 18. Qc2 Rad8 19. Nd2 Nb8 20. axb5 axb5 21. Nb3
Nbd7 22. c4 Rb8 23. Ra5 bxc4 24. Nxc4 Qc6 25. Ra7 Qb5 26. Nbd2 Ra8 27. Rxc7 Reb8
28. Nf3 Ne8 29. Na3 Rxa3 30. Rxd7 Rb3 31. Nxe5 Rxb2 32. Qc4 Qxc4 33. Nxc4 Rb1
34. Rf1 Ng7 35. Nd6 Ne6 36. g3 Rxf1+ 37. Kxf1 Rd8 38. Rxd8+ Nxd8 39. Ke2 Kf8 40.
e5 Ke7 41. Ne4 Ne6 42. f4 Nd4+ 43. Kd2 Nf3+ 44. Kc3 g5 45. Kc4 gxf4 46. gxf4
Nxh2 47. Kxc5 Nf3 48. d4 h5 49. d5 h4 50. d6+ Kd7 51. Kd5 h3 52. f5 Ng5 53. Nc5+
Kd8 54. Kc6 1-0

[Event "7th Sharjah Masters 2024"]
[Site "Sharjah UAE"]
[Date "2024.05.21"]
[Round "8.29"]
[White "Siddharth, Jagadeesh"]
[Black "Esipenko, Andrey"]
[Result "1-0"]
[WhiteTitle "IM"]
[BlackTitle "GM"]
[WhiteElo "2512"]
[BlackElo "2704"]
[WhiteFideId "5818320"]
[BlackFideId "24175439"]
[EventDate "2024.05.14"]

1. e4 e6 2. d4 d5 3. e5 c5 4. c3 Nc6 5. Nf3 Bd7 6. Be2 f6 7. O-O fxe5 8. Nxe5
Nxe5 9. dxe5 Qc7 10. Re1 O-O-O 11. a4 Qxe5 12. Bf3 Qc7 13. Na3 a6 14. c4 Nf6 15.
Nb5 Qb8 16. b4 axb5 17. axb5 e5 18. b6 Re8 19. Bg5 cxb4 20. Bxf6 gxf6 21. Qxd5
f5 22. Red1 Be6 23. Qb5 Rd8 24. c5 Rxd1+ 25. Rxd1 Bg7 26. c6 e4 27. c7 Qa8 28.
Bh5 Bf6 29. Bf7 Qa2 30. Bxe6+ Qxe6 31. Qa5 1-0

[Event "7th Sharjah Masters 2024"]
[Site "Sharjah UAE"]
[Date "2024.05.21"]
[Round "8.30"]
[White "Cardoso Cardoso, Jose Gabriel"]
[Black "Sjugirov, Sanan"]
[Result "1/2-1/2"]
[WhiteTitle "GM"]
[BlackTitle "GM"]
[WhiteElo "2497"]
[BlackElo "2692"]
[WhiteFideId "4430492"]
[BlackFideId "4189302"]
[EventDate "2024.05.14"]

1. e4 c6 2. d4 d5 3. e5 Bf5 4. h4 h5 5. c4 e6 6. Nc3 Nd7 7. cxd5 cxd5 8. Bd3
Bxd3 9. Qxd3 Ne7 10. Nf3 g6 1/2-1/2

[Event "7th Sharjah Masters 2024"]
[Site "Sharjah UAE"]
[Date "2024.05.21"]
[Round "8.31"]
[White "Yilmaz, Mustafa"]
[Black "Yilmazyerli, Mert"]
[Result "1/2-1/2"]
[WhiteTitle "GM"]
[BlackTitle "GM"]
[WhiteElo "2641"]
[BlackElo "2522"]
[WhiteFideId "6302718"]
[BlackFideId "6305962"]
[EventDate "2024.05.14"]

1. c4 Nf6 2. Nc3 e6 3. e4 d5 4. cxd5 exd5 5. e5 d4 6. exf6 dxc3 7. Bb5+ Nc6 8.
Qe2+ Be6 9. dxc3 Qxf6 10. Nf3 Bd6 11. Nd4 O-O 12. Nxe6 Rfe8 13. Bc4 Na5 14. Bg5
Qg6 15. Bd3 Qxe6 16. Qxe6 Rxe6+ 17. Kd2 Nc6 18. Kc2 Bc5 19. f3 Be7 20. Bd2 Rd8
21. Rad1 Ne5 22. Bf5 Red6 23. Bf4 Rxd1 24. Rxd1 Rxd1 25. Kxd1 Bd6 26. Bc1 h5 27.
Ke2 g6 28. Bc8 b6 29. f4 Nc6 30. Kd3 Ne7 31. Bd7 Nd5 32. g3 h4 33. Bd2 Nf6 34.
Bh3 hxg3 35. hxg3 Nh5 36. f5 1/2-1/2

[Event "7th Sharjah Masters 2024"]
[Site "Sharjah UAE"]
[Date "2024.05.21"]
[Round "8.33"]
[White "Moroni, Luca Jr"]
[Black "Nesterov, Arseniy"]
[Result "0-1"]
[WhiteTitle "GM"]
[BlackTitle "GM"]
[WhiteElo "2581"]
[BlackElo "2590"]
[WhiteFideId "865834"]
[BlackFideId "24198455"]
[EventDate "2024.05.14"]

1. Nf3 d5 2. g3 Nf6 3. Bg2 e6 4. O-O c5 5. c4 d4 6. e3 Nc6 7. d3 h6 8. exd4 cxd4
9. Bf4 Bd6 10. Bxd6 Qxd6 11. Nbd2 O-O 12. Re1 Rd8 13. a3 a5 14. Rc1 a4 15. Ne4
Nxe4 16. Rxe4 b6 17. Re1 Bb7 18. Nd2 Qe7 19. f4 Nb8 20. Re5 Bxg2 21. Kxg2 Nd7
22. Rb5 Nc5 23. Qf3 Qc7 24. Re1 Ra5 25. Rxa5 bxa5 26. Ne4 Nd7 27. g4 Rb8 28. Re2
Rb3 29. Nf2 Nc5 30. f5 e5 31. Rd2 Qb7 32. Qxb7 Rxb7 33. Re2 f6 34. h4 Rb3 35.
Rd2 Kf7 36. h5 Ke7 37. Kf3 e4+ 38. Nxe4 Nxd3 39. Ke2 Ne5 40. Rxd4 Rxb2+ 41. Kd1
Rb3 42. Kc2 Rxa3 43. c5 Nc6 44. Rd6 Nb4+ 45. Kd2 Ra2+ 46. Kd1 Ra1+ 47. Kd2 a3
48. c6 Nxc6 49. Rxc6 a2 50. Nc3 Rd1+ 51. Nxd1 a1=Q 52. Rc7+ Kf8 53. Rc8+ Kf7 54.
Rc7+ Kg8 55. Rc8+ Kh7 56. Rc4 Qa2+ 57. Kd3 Qb1+ 58. Kd2 Qb3 59. Rd4 a4 60. Nc3
a3 61. Ra4 Qxa4 0-1

[Event "7th Sharjah Masters 2024"]
[Site "Sharjah UAE"]
[Date "2024.05.21"]
[Round "8.38"]
[White "Peralta, Fernando"]
[Black "Krzyzanowski, Marcin"]
[Result "1-0"]
[WhiteTitle "GM"]
[BlackTitle "GM"]
[WhiteElo "2575"]
[BlackElo "2526"]
[WhiteFideId "105309"]
[BlackFideId "1132199"]
[EventDate "2024.05.14"]

1. d4 Nf6 2. c4 e6 3. Nc3 Bb4 4. e3 c5 5. Ne2 b6 6. a3 Ba5 7. Rb1 Na6 8. Ng3 Bb7
9. f3 O-O 10. Be2 d5 11. O-O Rc8 12. Nb5 Ra8 13. Qc2 h5 14. cxd5 exd5 15. Nf5
Ne8 16. e4 g6 17. Ne3 dxe4 18. d5 exf3 19. Bxf3 Qd7 20. Be2 Ng7 21. b3 Rfe8 22.
Rf3 Kh7 23. Bb2 f5 24. Rbf1 Rf8 25. Rg3 Rae8 26. Bxg7 Kxg7 27. Rxf5 Rxe3 28.
Rfg5 Re7 29. Qxg6+ Kh8 30. Qh6+ 1-0

[Event "7th Sharjah Masters 2024"]
[Site "Sharjah UAE"]
[Date "2024.05.21"]
[Round "8.39"]
[White "Dudin, Gleb"]
[Black "Nikitenko, Mihail"]
[Result "0-1"]
[WhiteTitle "GM"]
[BlackTitle "GM"]
[WhiteElo "2554"]
[BlackElo "2529"]
[WhiteFideId "34184934"]
[BlackFideId "13506862"]
[EventDate "2024.05.14"]

1. d4 Nf6 2. c4 e6 3. Nf3 d5 4. g3 Nc6 5. Bg2 Bd6 6. O-O O-O 7. Bg5 h6 8. Bxf6
Qxf6 9. Nc3 dxc4 10. Rc1 Qe7 11. Ne4 b5 12. b3 Ba3 13. Rb1 cxb3 14. Rxb3 Rb8 15.
Qd3 Bd6 16. Qc3 Rb6 17. Rc1 Rd8 18. Qb2 Bd7 19. Nfd2 Be8 20. Re3 Na5 21. Nxd6
Qxd6 22. Ra3 Nc4 23. Nxc4 bxc4 24. Qc3 a6 25. Bf3 Rdb8 26. Ra5 Rb5 27. Ra4 Rb4
28. Rxb4 Rxb4 29. Kg2 Ra4 30. Ra1 Qa3 31. Qc2 Rb4 32. Qe4 Qb2 33. Rf1 c3 34. Qa8
Rb8 35. Qa7 Qb6 36. Qxb6 cxb6 37. Rc1 Rc8 38. Kf1 b5 39. Ke1 a5 40. Kd1 b4 0-1

[Event "7th Sharjah Masters 2024"]
[Site "Sharjah UAE"]
[Date "2024.05.21"]
[Round "8.40"]
[White "Erdos, Viktor"]
[Black "Suleymenov, Alisher"]
[Result "1/2-1/2"]
[WhiteTitle "GM"]
[BlackTitle "GM"]
[WhiteElo "2546"]
[BlackElo "2501"]
[WhiteFideId "719978"]
[BlackFideId "13707833"]
[EventDate "2024.05.14"]

1. d4 d5 2. Nf3 Nf6 3. c4 e6 4. cxd5 exd5 5. Nc3 c6 6. Bf4 Bd6 7. Bxd6 Qxd6 8.
e3 Bf5 9. Nh4 Be4 10. Qb3 Nbd7 11. Rc1 Rb8 12. Be2 1/2-1/2

[Event "7th Sharjah Masters 2024"]
[Site "Sharjah UAE"]
[Date "2024.05.21"]
[Round "8.41"]
[White "Klimkowski, Jan"]
[Black "Kacharava, Nikolozi"]
[Result "1-0"]
[WhiteTitle "IM"]
[BlackTitle "GM"]
[WhiteElo "2518"]
[BlackElo "2527"]
[WhiteFideId "21856222"]
[BlackFideId "13611860"]
[EventDate "2024.05.14"]

1. e4 e5 2. Nf3 Nc6 3. Bb5 a6 4. Ba4 d6 5. O-O Bd7 6. c3 g6 7. d4 Bg7 8. Be3 Nf6
9. Nbd2 Ng4 10. Bg5 f6 11. Bh4 h5 12. Bg3 g5 13. h4 Qe7 14. b4 Nh6 15. dxe5 dxe5
16. Re1 Nf7 17. Nh2 O-O-O 18. Nhf1 f5 19. exf5 gxh4 20. Bh2 h3 21. Ne3 Nd6 22.
Qf3 hxg2 23. Ne4 Nxe4 24. Qxe4 Bh6 25. Nd5 Qf7 26. f6 Bf8 27. Rad1 Rg8 28. Nb6+
cxb6 29. Bxc6 Rg5 30. Bxb7+ Kc7 31. Ba8 1-0

[Event "7th Sharjah Masters 2024"]
[Site "Sharjah UAE"]
[Date "2024.05.21"]
[Round "8.42"]
[White "Avila Pavas, Santiago"]
[Black "Samant, Aditya S"]
[Result "1-0"]
[WhiteTitle "GM"]
[BlackTitle "GM"]
[WhiteElo "2516"]
[BlackElo "2501"]
[WhiteFideId "4437128"]
[BlackFideId "35080580"]
[EventDate "2024.05.14"]

1. e4 c5 2. Nf3 d6 3. d4 cxd4 4. Nxd4 Nf6 5. Nc3 Nc6 6. f3 e5 7. Nb3 Be7 8. Be3
Be6 9. Qe2 O-O 10. O-O-O Qc8 11. g4 a5 12. Qb5 Ne8 13. Qa4 Nc7 14. Bb6 Nb4 15.
Nxa5 Nc6 16. b4 Nd4 17. Qa3 d5 18. Qb2 dxe4 19. Bxd4 exd4 20. Nxe4 Nd5 21. a3
Ne3 22. Rd2 b6 23. Nb3 Bc4 24. Bd3 Bxd3 25. Rxd3 Nc4 26. Qxd4 Nxa3 27. c3 Qa6
28. Rhd1 Nc4 1-0

[Event "7th Sharjah Masters 2024"]
[Site "Sharjah UAE"]
[Date "2024.05.22"]
[Round "9.2"]
[White "Erigaisi, Arjun"]
[Black "Daneshvar, Bardiya"]
[Result "1/2-1/2"]
[WhiteTitle "GM"]
[BlackTitle "GM"]
[WhiteElo "2762"]
[BlackElo "2582"]
[WhiteFideId "35009192"]
[BlackFideId "12576468"]
[EventDate "2024.05.14"]

1. e4 e5 2. Nf3 Nc6 3. Bb5 Nf6 4. d3 Bc5 5. c3 O-O 6. O-O Re8 7. Bg5 a6 8. Bxc6
dxc6 9. h3 Bf8 10. Re1 Qd6 11. d4 Nd7 12. Bh4 Qg6 13. Bg3 exd4 14. Nh4 Qg5 15.
cxd4 Bd6 16. Bxd6 cxd6 17. Nf5 d5 18. Nc3 Nf6 19. Ng3 dxe4 20. Ncxe4 Nxe4 21.
Nxe4 Qd8 22. Qh5 h6 23. Re3 Be6 24. Rg3 Kh8 25. Qe5 f6 26. Qc5 b6 27. Qc3 Qd5
28. Re3 Bxh3 29. Rae1 Bd7 30. Qb4 Rab8 31. Nc3 Qf7 32. Rxe8+ Bxe8 33. Qd6 Rc8
34. Na4 c5 35. Nxb6 Rc6 36. Qb8 Re6 37. Rxe6 Qxe6 38. dxc5 Kh7 39. Kh2 Qe4 40.
Qg3 Qf5 41. Nc4 Qh5+ 42. Qh3 Qxc5 43. Qd3+ Bg6 44. Qe2 Qd4 45. b3 Qf4+ 46. g3
Qd4 47. Ne3 a5 48. Ng2 1/2-1/2